Southville International School and Colleges
Your cart is empty.
  • Cart
  • Lists
    Public lists list_1 View all
    Your lists Log in to create your own lists
  • Log in to your account
  • Your cookies
  • Search history
Southville International School and Colleges
  • Advanced search
  • Recent comments
  • Most popular
  • Libraries

Log in to your account

Log in with GOOGLE


If you do not have an external account, but do have a local account, you can still log in:

  1. Home
  2. MARC view: Kicks up a storm :
Normal view MARC view ISBD view

Kicks up a storm : (Record no. 109456)

[ view plain ]
MARC details
000 -LEADER
fixed length control field 00365nam a2200145 a 4500
005 - DATE AND TIME OF LATEST TRANSACTION
control field 20140414093844.0
008 - FIXED-LENGTH DATA ELEMENTS--GENERAL INFORMATION
fixed length control field 090625s19uu xx uuu eng d
050 ## - LIBRARY OF CONGRESS CALL NUMBER
Classification number VCD 500
Item number KIC 2007
100 ## - MAIN ENTRY--PERSONAL NAME
Personal name Scholastic
245 ## - TITLE STATEMENT
Title Kicks up a storm :
Remainder of title Science topic: weather /
Statement of responsibility, etc Scholastic.
650 ## - SUBJECT ADDED ENTRY--TOPICAL TERM
Topical term or geographic name as entry element Science.
942 ## - ADDED ENTRY ELEMENTS (KOHA)
Koha item type Audio Visual Materials
Holdings
Withdrawn status Lost status Damaged status Home library Current library Shelving location Date acquired Source of acquisition Total Checkouts Full call number Barcode Date last seen Price effective from Koha item type Cost, normal purchase price
      Luxembourg Library Luxembourg Library Audio Visual Material Section 06/25/2009     VCD 500 KIC 2007 AV1106 04/14/2014 04/14/2014 Audio Visual Materials  
      Luxembourg Library Luxembourg Library Audio Visual Material Section 01/07/2011     VCD 500 KIC 2007 AV1354 04/14/2014 04/14/2014 Audio Visual Materials 125.00

Kicks up a storm :

APA

Scholastic, .Kicks up a storm. : .

Chicago

Scholastic, .Kicks up a storm. : .

Harvard

Scholastic, .Kicks up a storm. : .

MLA

Scholastic, .: . .

  • Place hold
  • Print
  • Cite
  • Add to your cart (remove)
  • Save record
    BIBTEX Dublin Core MARCXML MARC (non-Unicode/MARC-8) MARC (Unicode/UTF-8) MARC (Unicode/UTF-8, Standard) MODS (XML) RIS
  • More searches
    Search for this title in:
    Other Libraries (WorldCat) Other Databases (Google Scholar) Online Stores (Bookfinder.com) Open Library (openlibrary.org)

Exporting to Dublin Core...

SOUTHVILLE LIBRARY

Southville International School and Colleges Library

1281 Tropical Ave. Cor. Luxembourg St., BF Homes International, Las Pinas City

Tel. No. 8256374 / 252358 Loc. 117/146

Powered by Koha